00463nam a2200205Ia 4500003000900000005001700009008004100026040001300067040001300080041000800093100001300101245006200114250001300176260001500189260000900204300001100213300001000224490000600234700001700240IT-RoPAU20220918175914.0120407s9999 xx 000 0 und d aIT-RoPAU cIT-RoPAU aita aW. Huber aEtica della pace. Biblioteca di Teologia Contemporanea 76 aBrescia  aQueriniana c1993 a564 p. c23 cm v1 aH. R. Reuter